ბათუმის შოთა რუსთაველის სახელმწიფო უნივერსიტეტის ბიბლიოთეკა

ლუდვიგ ფოიერბახი / (ბიბ.ჩანაწერი № 37864)

000 -ლიდერი
ფიქსირებული სიგრძის საკონტროლო ველი 00900nam a2200229Ia 4500
001 - საკონტროლო ნომერი
საკონტროლო ველი 3842
003 - საკონტროლო ნომრის იდენტიფიკატორი
საკონტროლო ველი GE_BSU
005 - ბოლო ოპერაციის თარიღი და დრო
საკონტროლო ველი 20190819163621.0
008 - ფიქსირებული სიგრძის მონაცემთა ელემენტები - ზოგადი ინფორმაცია
ფიქსირებული სიგრძის საკონტროლო ველი 181216s1985||||ge |||||||||||||| ||geo||
040 ## - კატალოგიზაციის წყარო
Transcribing agency GE_BSU
041 ## - ენის კოდი
Language code of text/sound track or separate title geo
080 ## - უნივერსალური ათობითი კლასიფიკაციის ინდექსი
Universal Decimal Classification number 1(092) ჭ–34
100 ## - მთავარი ჩანაწერი - პიროვნების სახელი
Personal name ჭელიძე, მერი
9 (RLIN) 3675
245 ## - ცნობა სათაურის შესახებ
Title ლუდვიგ ფოიერბახი /
Statement of responsibility, etc რედ. ჯ. კორძაია; თბილისის სახ. უნ–ტი.
264 ## - წარმოების, გამოცემის, დისტრიბუციის და სხვა ცნობები
გამოცემის, წარმოების, დისტრიბუციის... ადგილი თბ. :
გამოცემის, წარმოების, დისტრიბუციის... სახელწოდება თბილ. უნ-ტის გამ-ბა,
გამოცემის, წარმოების, დისტრიბუციის... თარიღი 1985.
300 ## - ფიზიკური აღწერა
Extent 128 გვ. ;
Other physical details 20 სმ.
600 ## - SUBJECT ADDED ENTRY--PERSONAL NAME
Personal name ფოიერბახი ლუდვიგ
9 (RLIN) 3676
653 ## - INDEX TERM--UNCONTROLLED
Uncontrolled term ლუდვიგ ფოიერბახი.
700 ## - ADDED ENTRY--PERSONAL NAME
Personal name კორძაია, ჯ.
Relator term რედაქტორი
9 (RLIN) 945
710 ## - ADDED ENTRY--CORPORATE NAME
Corporate name or jurisdiction name as entry element თბილისის სახ. უნ–ტი.
9 (RLIN) 2725
942 ## - ADDED ENTRY ELEMENTS (KOHA)
Koha item type წიგნი
Source of classification or shelving scheme
ეგზემპლარები
ჩამოწერის სტატუსი დაკარგული ეგზემპლარის სტატუსი კლასიფიკაციის წყარო ან თაროზე გაწყობის სქემა დაზიანების სტატუსი არ გაიცემა მუდმივი მდებარეობა (დაცვის ადგილი) ამჟამინდელი ადგილსამყოფელი თაროზე განთავსების ადგილი შეძენის თარიღი სრული შენახვის შიფრი შტრიხკოდი ბოლო ოპერაციის თარიღი ეგზემპლარის მიმდევრობითი ნომერი (კეტერი?) ფასის ძალაში შესვლის თარიღი ეგზემპლარის სახეობა საჯარო შენიშვნა ღირებულება, შესყიდვის ნორმალური ფასი
          ბათუმის შოთა რუსთაველის სახელმწიფო უნივერსიტეტის მთავარი ბიბლიოთეკა ბათუმის შოთა რუსთაველის სახელმწიფო უნივერსიტეტის მთავარი ბიბლიოთეკა წიგნსაცავი 2018-12-17 1(092) ჭ–34 5594 2018-12-17 5594 2018-12-17 წიგნი 1 ლ. 50 თ.  
          ბათუმის შოთა რუსთაველის სახელმწიფო უნივერსიტეტის მთავარი ბიბლიოთეკა ბათუმის შოთა რუსთაველის სახელმწიფო უნივერსიტეტის მთავარი ბიბლიოთეკა წიგნსაცავი 2019-08-19 1(092) ჭ–34 5454 2019-08-19 5454 2019-08-19 წიგნი 1ლ. 50 თ. 1.50